000 00303nam a2200109 4500
008 230918b |||||||| |||| 00| 0 eng d
022 _a0974-150x
245 _aNursing & Midwifery Research Journal
260 _aNew Delhi
_bSage
_c2023
300 _avol.19,no.02
_billus.
_c24cm
942 _2ddc
_cSR
_mNUR
_s1
999 _c198247
_d198247